| 000 | 00396nam a2200145Ia 4500 | ||
|---|---|---|---|
| 008 | 231129s2007||||xx |||||||||||||| ||spa|| | ||
| 020 | _a84-204-4493-6 | ||
| 040 | _bspa | ||
| 082 | _aH863.08 Z94m | ||
| 100 | _aZuloaga Conrado | ||
| 245 | 0 | _aLos mejores relatos latinoamericanos: antología | |
| 260 | _c2007 | ||
| 264 | _aAlfaguara | ||
| 942 |
_2ddc _cBKS |
||
| 999 |
_c19834 _d19834 |
||